000 00590nam a2200229 a 4500
001 0001-1202
003 ELIB.Books
008 150519 2010 eng
020 _aKBTS
035 _a(ELIB.Books)0001-1357
092 _aJ
_bRam
100 _aRamussen, S. D. H
245 _aHealing Communities:
_bContextualizing Responses to Witch Accusations.
260 _c2015
300 _cVol. 39, No.1
500 _aLibrary
650 _aHealing Mission
856 _nKBTS: Library
_uKBTS: Elib
942 _2ddc
_cBK
998 _cbat
_e2015-05-19
999 _c11202
_d11202